000 00532nam a2200169 i 4500
001 83450
003 ES-MaACL
005 20230906174829.0
007 t|
008 041117s1929 sp ||||1| spa d
100 1 _aIrizar, Joaquín de.
_965480
245 1 4 _aLas casas vascas :
_btorres, palacios, caseríos, chalets, mobiliario /
_cJoaquín de Irizar.
260 _aSan Sebastián :
_bNueva Editorial,
_c1929.
300 _a116 p., 108 lám. ;
_c29 cm.
650 4 _aViviendas-
_zPaís Vasco.
_9170179
852 4 _aES-MaACL
_jB-3390
999 _c83450
_d83450